01710nam a2200205Ia 4500008004500000020001800045082001700063100001700080245002300097260005800120300002800178504086400206520027801070650002701348650002701375650004401402650001901446650001101465700002801476200527b 2015 ||||| |||| 00| 0 eng d a9788121925242 a621.811bKHU aKhurmi, R.S. aTheory of Machines aNew DelhibEurasia Publishing House (Pvt.) Ltd.c2015 axii, 1071 p.: col. ill. aTable of Contents • Introduction • Kinematics of Motion • Kinetics of Motion • Simple Harmonic Motion • Simple Mechanisms • Velocity in Mechanisms (Instantaneous Centre Method) • Velocity in Mechanisms (Relative Velocity Method) • Acceleration in Mechanisms • Mechanisms with Lower Pairs • Friction • Belt, Rope and Chain Drives • Toothed Gearing • Gear Trains • Gyroscopic Couple and Processional Motion • Inertia Forces in Reciprocating Parts • Turning Moment Diagrams and Flywheel • Steam Engine Valves and Reversing Gears • Governors • Brakes and Dynamometers • Cams • Balancing of Rotating Masses • Balancing of Reciprocating Masses • Longitudinal and Transverse Vibrations • Torsional Vibrations • Computer Aided Analysis and Synthesis of Mechanisms • Automatic Control Index aThis present multicolour edition has been thoroughly revised and brought up to date. Multicolour pictures have been added to enhance the content value and to give the students an idea of what he will be dealing in reality, and to bridge the gap between theory and practice. aMechanical engineering aMachinery - Kinematics aMechanics, Applied - Statics - Dynamics aMachine theory aMotion aGupta, J. K.eCo-author